Nursing care planning guides set 4 (Record no. 5961)

MARC details
000 -LEADER
fixed length control field 00530nam a22001697a 4500
003 - CONTROL NUMBER IDENTIFIER
control field OSt
005 - DATE AND TIME OF LATEST TRANSACTION
control field 20251121094905.0
008 - FIXED-LENGTH DATA ELEMENTS--GENERAL INFORMATION
fixed length control field 251121b |||||||| |||| 00| 0 eng d
020 ## - INTERNATIONAL STANDARD BOOK NUMBER
International Standard Book Number 0-935236-07-4
040 ## - CATALOGING SOURCE
Original cataloging agency DWC-Main lib
Transcribing agency OC
082 ## - DEWEY DECIMAL CLASSIFICATION NUMBER
Classification number Circ. 610.73 N342 1978
100 ## - MAIN ENTRY--PERSONAL NAME
Personal name Neal, M.
245 ## - TITLE STATEMENT
Title Nursing care planning guides set 4
Statement of responsibility, etc. Neal, Margo C.
260 ## - PUBLICATION, DISTRIBUTION, ETC.
Place of publication, distribution, etc. California :
Name of publisher, distributor, etc. Nurseco,
Date of publication, distribution, etc. c1978
300 ## - PHYSICAL DESCRIPTION
Extent 88 pages :
Dimensions 22 cm.
942 ## - ADDED ENTRY ELEMENTS (KOHA)
Source of classification or shelving scheme Dewey Decimal Classification
Koha item type Book Circulation
Classification part Circ. 610.73 N342 1978
Call number prefix Circ.
Suppress in OPAC No

No items available.